<?xml version="1.0" encoding="UTF-8"?>
<record
    xmlns:xsi="http://www.w3.org/2001/XMLSchema-instance"
    xsi:schemaLocation="http://www.loc.gov/MARC21/slim http://www.loc.gov/standards/marcxml/schema/MARC21slim.xsd"
    xmlns="http://www.loc.gov/MARC21/slim">

  <leader>00377    a2200145   4500</leader>
  <controlfield tag="005">20250610082712.0</controlfield>
  <datafield tag="020" ind1=" " ind2=" ">
    <subfield code="a">978-1-305-57624-7</subfield>
  </datafield>
  <datafield tag="082" ind1=" " ind2=" ">
    <subfield code="a">338.04 KUR</subfield>
  </datafield>
  <datafield tag="100" ind1=" " ind2=" ">
    <subfield code="a">KURATKO,D.</subfield>
  </datafield>
  <datafield tag="245" ind1=" " ind2=" ">
    <subfield code="a">Entrepreneurship: Theory, Process, Practice</subfield>
  </datafield>
  <datafield tag="250" ind1=" " ind2=" ">
    <subfield code="a">10th Ed.</subfield>
  </datafield>
  <datafield tag="260" ind1=" " ind2=" ">
    <subfield code="a">New York.</subfield>
    <subfield code="b">CENGAGE Learning</subfield>
    <subfield code="c">2017</subfield>
  </datafield>
  <datafield tag="300" ind1=" " ind2=" ">
    <subfield code="a">xv,465p.; picture</subfield>
    <subfield code="b">Index</subfield>
    <subfield code="c">28cm</subfield>
  </datafield>
  <datafield tag="942" ind1=" " ind2=" ">
    <subfield code="2">ddc</subfield>
    <subfield code="c">BKS</subfield>
  </datafield>
  <datafield tag="999" ind1=" " ind2=" ">
    <subfield code="c">3387</subfield>
    <subfield code="d">3387</subfield>
  </datafield>
  <datafield tag="952" ind1=" " ind2=" ">
    <subfield code="r">2025-06-07 09:00:18</subfield>
    <subfield code="l">0</subfield>
    <subfield code="o">338.04 KUR</subfield>
    <subfield code="p">DOM0001813</subfield>
    <subfield code="v">999999.99</subfield>
    <subfield code="w">2025-06-07</subfield>
    <subfield code="y">BKS</subfield>
    <subfield code="1">0</subfield>
    <subfield code="2">ddc</subfield>
    <subfield code="4">0</subfield>
    <subfield code="7">0</subfield>
    <subfield code="0">0</subfield>
    <subfield code="a">004</subfield>
    <subfield code="b">004</subfield>
    <subfield code="c">SPECIAL</subfield>
    <subfield code="d">2017-07-24</subfield>
    <subfield code="g">999999.99</subfield>
  </datafield>
  <datafield tag="952" ind1=" " ind2=" ">
    <subfield code="r">2025-06-07 09:00:56</subfield>
    <subfield code="l">0</subfield>
    <subfield code="o">338.04 KUR</subfield>
    <subfield code="p">DOM0001816</subfield>
    <subfield code="v">999999.99</subfield>
    <subfield code="w">2025-06-07</subfield>
    <subfield code="y">BKS</subfield>
    <subfield code="1">0</subfield>
    <subfield code="2">ddc</subfield>
    <subfield code="4">0</subfield>
    <subfield code="7">0</subfield>
    <subfield code="0">0</subfield>
    <subfield code="a">004</subfield>
    <subfield code="b">004</subfield>
    <subfield code="c">SPECIAL</subfield>
    <subfield code="d">2017-07-24</subfield>
    <subfield code="g">27500.00</subfield>
  </datafield>
  <datafield tag="952" ind1=" " ind2=" ">
    <subfield code="r">2025-06-07 09:01:46</subfield>
    <subfield code="l">0</subfield>
    <subfield code="o">338.04 KUR</subfield>
    <subfield code="p">DOM0001806</subfield>
    <subfield code="v">999999.99</subfield>
    <subfield code="w">2025-06-07</subfield>
    <subfield code="y">BKS</subfield>
    <subfield code="1">0</subfield>
    <subfield code="2">ddc</subfield>
    <subfield code="4">0</subfield>
    <subfield code="7">0</subfield>
    <subfield code="0">0</subfield>
    <subfield code="a">004</subfield>
    <subfield code="b">004</subfield>
    <subfield code="c">SPECIAL</subfield>
    <subfield code="d">2017-07-24</subfield>
    <subfield code="g">999999.99</subfield>
  </datafield>
  <datafield tag="952" ind1=" " ind2=" ">
    <subfield code="r">2025-06-07 09:02:50</subfield>
    <subfield code="l">0</subfield>
    <subfield code="o">338.04 KUR</subfield>
    <subfield code="p">DOM0001815</subfield>
    <subfield code="v">999999.99</subfield>
    <subfield code="w">2025-06-07</subfield>
    <subfield code="y">BKS</subfield>
    <subfield code="1">0</subfield>
    <subfield code="2">ddc</subfield>
    <subfield code="4">0</subfield>
    <subfield code="7">0</subfield>
    <subfield code="0">0</subfield>
    <subfield code="a">004</subfield>
    <subfield code="b">004</subfield>
    <subfield code="c">SPECIAL</subfield>
    <subfield code="d">2017-07-24</subfield>
    <subfield code="g">999999.99</subfield>
  </datafield>
</record>
